| 000 | 00801nam a2200217 a 4500 | ||
|---|---|---|---|
| 001 | BRCA_5749 | ||
| 005 | 20190320205212.0 | ||
| 008 | 070311t1930----mx-ab#####---#101-0#spa-# | ||
| 041 | _aspa | ||
| 044 | _amx | ||
| 050 | 4 |
_aTE5 _b.C8 _c1930 |
|
| 245 | 1 | 0 |
_aMemorias del tercer Congreso Nacional de Caminos _bY la segunda exposición de maquinaria y automoviles. _cComisión Nacional de Caminos. |
| 260 |
_aMéxico _bEmpresa de Ingeniería y Arquitectura _c1930 |
||
| 300 |
_a413 p. _bils., maps. _c23 cm. |
||
| 500 | _aCarta de caminos carreteros de los Estados Unidos Mexicanos formada por la Comisión Nacional de Caminos (1930); tabla de materias. | ||
| 500 | _aH64 | ||
| 650 | 1 | 4 |
_aAutomovilismo _zMéxico _914584 |
| 650 | 1 | 4 |
_aCaminos y Carreteras _vMapas _914585 |
| 902 | _aGFM | ||
| 942 |
_2lcc _cB |
||
| 999 |
_c5439 _d5439 |
||